[Event "SLO-chTA U18"]
[Site "Novo Mesto"]
[Date "2000.09.16"]
[Round "6.2"]
[White "Knezevic, Zavisa"]
[Black "Kavcic, Uros"]
[Result "0-1"]
[WhiteElo "2128"]
[BlackElo "2222"]
[PlyCount "56"]
[EventDate "2000.09.08"]
[EventType "team"]
[EventRounds "7"]
[EventCountry "SLO"]
[SourceTitle "EXT 2002"]
[Source "ChessBase"]
[SourceDate "2001.11.25"]
[SourceVersion "1"]
[SourceVersionDate "2001.11.25"]
[SourceQuality "1"]

1. e4 c5 2. d4 cxd4 3. c3 d3 4. Bxd3 Nc6 5. f4 d6 6. Be3 e5 7. Nf3 Nf6 8. h3 d5 9. Nxe5 Nxe5 10. fxe5 Nxe4 11. Bb5+ Bd7 12. Qxd5 Qh4+ 13. Kd1 0-0-0 14. Qc4+ Bc5 15. Bxd7+ Rxd7+ 16. Kc2 b5 17. Qe2 Ng3 18. Qf3 Bxe3 19. Re1 Bb6 20. Qa8+ Kc7 21. Qxh8 Nf5 22. Na3 Rd8 23. Nxb5+ Kb8 24. Qxd8+ Bxd8 25. a4 Bg5 26. Nd6 Qf2+ 27. Kb3 Ne3 28. Nxf7 Qxf7+ 0-1

[Event "SLO-chT1 West"]
[Site "Bled"]
[Date "2000.??.??"]
[Round "?"]
[White "Vavpetic, Vide"]
[Black "Kavcic, Uros"]
[Result "1-0"]
[WhiteElo "2246"]
[BlackElo "2222"]
[PlyCount "37"]
[EventDate "2000.??.??"]
[EventType "team"]
[EventRounds "7"]
[EventCountry "SLO"]
[SourceTitle "EXT 2002"]
[Source "ChessBase"]
[SourceDate "2001.11.25"]
[SourceVersion "1"]
[SourceVersionDate "2001.11.25"]
[SourceQuality "1"]

1. e4 c5 2. c3 g6 3. d4 cxd4 4. cxd4 Bg7 5. Nc3 d6 6. Nf3 Nf6 7. h3 0-0 8. Be3 Qa5 9. Qd2 Nc6 10. d5 Ne5 11. Nd4 Rd8 12. Be2 e6 13. f4 Nxe4 14. Nxe4 Qxd5 15. Nc3 Qxg2 16. 0-0-0 Qg3 17. Rdg1 Qh4 18. fxe5 dxe5 19. Bg5 1-0

[Event "SLO-ch U20"]
[Site "Kranj"]
[Date "1999.??.??"]
[Round "?"]
[White "Kavcic, Uros"]
[Black "Karer, Gregor"]
[Result "1-0"]
[WhiteElo "2236"]
[BlackElo "2088"]
[PlyCount "37"]
[EventDate "1999.??.??"]
[EventType "swiss"]
[EventRounds "9"]
[EventCountry "SLO"]
[SourceTitle "EXT 2000"]
[Source "ChessBase"]
[SourceDate "1999.11.16"]
[SourceVersion "1"]
[SourceVersionDate "1999.11.16"]
[SourceQuality "1"]

1. f4 d5 2. Nf3 Nf6 3. g3 c5 4. Bg2 Nc6 5. d3 e6 6. 0-0 Bd6 7. c4 0-0 8. Nc3 d4 9. Ne4 Rb8 10. Nxd6 Qxd6 11. Ne5 Bd7 12. g4 a6 13. Qe1 Ne8 14. Nxd7 Qxd7 15. f5 e5 16. Qh4 f6 17. Bd5+ Kh8 18. Rf3 Nc7 19. Qxh7+ 1-0

[Event "SLO-ch U20"]
[Site "Kranj"]
[Date "1999.??.??"]
[Round "?"]
[White "Sebenik, Matej"]
[Black "Kavcic, Uros"]
[Result "1-0"]
[WhiteElo "2154"]
[BlackElo "2236"]
[PlyCount "85"]
[EventDate "1999.??.??"]
[EventType "swiss"]
[EventRounds "9"]
[EventCountry "SLO"]
[SourceTitle "EXT 2000"]
[Source "ChessBase"]
[SourceDate "1999.11.16"]
[SourceVersion "1"]
[SourceVersionDate "1999.11.16"]
[SourceQuality "1"]

1. d4 f5 2. g3 Nf6 3. Bg2 g6 4. c3 Bg7 5. Qb3 d5 6. Nh3 c6 7. Nd2 Qb6 8. Nf4 Na6 9. h4 e5 10. dxe5 Ng4 11. Qxb6 axb6 12. Nd3 Nc5 13. Nxc5 bxc5 14. Nf3 Nxe5 15. Nxe5 Bxe5 16. Bf4 Bg7 17. Bd6 d4 18. Kd2 Ra5 19. Bc7 Rb5 20. Kc2 Be6 21. Rhd1 Kd7 22. Bf4 Ra8 23. e3 Rxa2 24. Rxa2 Bxa2 25. Rd2 Bb3+ 26. Kb1 Bd5 27. Bxd5 cxd5 28. exd4 cxd4 29. cxd4 Rb4 30. Be3 f4 31. Bxf4 Rxd4 32. Rc2 Rd1+ 33. Ka2 Bd4 34. Rc7+ Ke6 35. Rxb7 Bxf2 36. Rxh7 d4 37. h5 d3 38. Rh6 d2 39. Rxg6+ Kf7 40. Rd6 Be1 41. h6 Kg8 42. Rd8+ Kh7 43. Rd7+ 1-0

[Event "SLO-ch U20"]
[Site "Kranj"]
[Date "1999.??.??"]
[Round "?"]
[White "Zvan, Ziga"]
[Black "Kavcic, Uros"]
[Result "1/2-1/2"]
[WhiteElo "2086"]
[BlackElo "2236"]
[PlyCount "169"]
[EventDate "1999.??.??"]
[EventType "swiss"]
[EventRounds "9"]
[EventCountry "SLO"]
[SourceTitle "EXT 2000"]
[Source "ChessBase"]
[SourceDate "1999.11.16"]
[SourceVersion "1"]
[SourceVersionDate "1999.11.16"]
[SourceQuality "1"]

1. e4 c5 2. Nf3 Nc6 3. d4 cxd4 4. Nxd4 Nf6 5. Nc3 e5 6. Ndb5 d6 7. Nd5 Nxd5 8. exd5 Nb8 9. c4 g6 10. Be2 a6 11. Nc3 Bg7 12. Qc2 f5 13. f4 0-0 14. 0-0 Qb6+ 15. Kh1 Nd7 16. Rb1 exf4 17. Bxf4 Ne5 18. b4 Bd7 19. Na4 Bxa4 20. Qxa4 Qd4 21. Qc2 Rac8 22. Rbd1 Qb6 23. Qb3 Qd8 24. Rc1 Qe7 25. c5 Kh8 26. c6 Rfe8 27. Rc2 Rb8 28. a4 bxc6 29. Bxe5 Bxe5 30. dxc6 Qh4 31. g3 Bxg3 32. Qxg3 Qe4+ 33. Bf3 Qxc2 34. Qxd6 Qc3 35. c7 Rbc8 36. Bc6 Qe5 37. Qd7 Rf8 38. b5 axb5 39. axb5 Rxc7 40. Qd2 Rfc8 41. Rc1 Qf6 42. Qd5 f4 43. Qf3 g5 44. h3 Re7 45. b6 Re3 46. b7 Rb8 47. Qg4 Qe5 48. Qc8+ Kg7 49. Bg2 Re1+ 50. Rxe1 Qxe1+ 51. Kh2 Qe5 52. Kh1 h5 53. Kg1 Kf6 54. Kf1 Qd6 55. Qc3+ Kg6 56. Qc8 Qd1+ 57. Kf2 Qd2+ 58. Kf1 Qd6 59. Kf2 Kf6 60. Kf1 g4 61. hxg4 hxg4 62. Qxg4 Qd3+ 63. Qe2 Qxe2+ 64. Kxe2 Ke5 65. Bc6 Rd8 66. Kf3 Rd3+ 67. Ke2 Rb3 68. Kf2 Rb6 69. Kf3 Rb2 70. b8Q+ Rxb8 71. Kf2 Rb2+ 72. Kf3 Rb6 73. Ba8 Kf5 74. Bd5 Rb2 75. Be4+ Kg5 76. Bd5 Rb5 77. Bc6 Rc5 78. Bd7 Rc3+ 79. Kf2 f3 80. Kg3 Rc7 81. Be6 f2 82. Kxf2 Kf4 83. Bd5 Rc2+ 84. Kf1 Ke3 85. Bb7 1/2-1/2

[Event "Wch U18"]
[Site "Oropesa del Mar"]
[Date "1998.11.03"]
[Round "8"]
[White "Kavcic, Uros"]
[Black "Berg, Emanuel"]
[Result "0-1"]
[WhiteElo "2245"]
[BlackElo "2380"]
[PlyCount "46"]
[EventDate "1998.10.25"]
[EventType "swiss"]
[EventRounds "11"]
[EventCountry "ESP"]
[SourceTitle "CBM 067 Extra"]
[Source "ChessBase"]
[SourceDate "1999.01.01"]
[SourceVersion "1"]
[SourceVersionDate "1999.01.01"]
[SourceQuality "1"]

1. f4 d5 2. Nf3 Bg4 3. e3 Nc6 4. Bb5 g6 5. c4 Bg7 6. h3 Bxf3 7. Qxf3 e6 8. Nc3 Nge7 9. cxd5 exd5 10. 0-0 Qd6 11. b3 0-0-0 12. Bb2 f5 13. Bxc6 Nxc6 14. Rac1 Qd7 15. d4 Rhe8 16. Kh1 Bf8 17. Nd1 Re6 18. Nf2 Rde8 19. Rfe1 Bb4 20. Re2 Qe7 21. Nd1 Re4 22. Rcc2 Kb8 23. Bc1 Nxd4 0-1

[Event "Wch U18"]
[Site "Oropesa del Mar"]
[Date "1998.10.25"]
[Round "1"]
[White "Vajda, Levente"]
[Black "Kavcic, Uros"]
[Result "1-0"]
[WhiteElo "2480"]
[BlackElo "2245"]
[PlyCount "55"]
[EventDate "1998.10.25"]
[EventType "swiss"]
[EventRounds "11"]
[EventCountry "ESP"]
[SourceTitle "CBM 067 Extra"]
[Source "ChessBase"]
[SourceDate "1999.01.01"]
[SourceVersion "1"]
[SourceVersionDate "1999.01.01"]
[SourceQuality "1"]

1. e4 c5 2. Nf3 Nc6 3. c3 d5 4. exd5 Qxd5 5. d4 Bg4 6. Nbd2 cxd4 7. cxd4 0-0-0 8. Be2 e5 9. 0-0 e4 10. Ne5 Nxe5 11. dxe5 Bxe2 12. Qxe2 f5 13. Nc4 Bc5 14. Bg5 Ne7 15. Rac1 Kb8 16. Rfd1 Qe6 17. Nd6 Bb6 18. Qc4 Qxc4 19. Rxc4 Ng6 20. Bxd8 Rxd8 21. Rdc1 Ne7 22. Kf1 a6 23. g4 fxg4 24. Rxe4 Rf8 25. Rc2 h5 26. e6 Rd8 27. Rd2 Bc7 28. Red4 1-0

[Event "SLO-chT2"]
[Site "Skofja Loka"]
[Date "1998.??.??"]
[Round "?"]
[White "Basagic, Zlatko"]
[Black "Kavcic, Uros"]
[Result "1/2-1/2"]
[WhiteElo "2330"]
[BlackElo "2225"]
[PlyCount "55"]
[EventDate "1998.11.27"]
[EventType "team"]
[EventRounds "7"]
[EventCountry "SLO"]
[SourceTitle "EXT 2001"]
[Source "ChessBase"]
[SourceDate "2000.11.22"]
[SourceVersion "1"]
[SourceVersionDate "2000.11.22"]
[SourceQuality "1"]

1. e4 c5 2. Nf3 Nc6 3. Nc3 g6 4. d4 cxd4 5. Nxd4 Bg7 6. Nb3 Nf6 7. Be2 0-0 8. 0-0 a6 9. f4 d6 10. Bf3 e5 11. f5 b5 12. g4 Qb6+ 13. Kh1 b4 14. Ne2 d5 15. exd5 e4 16. Bg2 Rd8 17. Ng3 Rxd5 18. Qe2 gxf5 19. Nxf5 Bxf5 20. gxf5 Qb5 21. Qxb5 axb5 22. Bg5 Re8 23. Rae1 Rde5 24. Rf4 Ne7 25. Bxf6 Bxf6 26. Rfxe4 Rxe4 27. Rxe4 Rc8 28. Rxb4 1/2-1/2

[Event "Nova Gorica op 03rd"]
[Site "Nova Gorica"]
[Date "1998.??.??"]
[Round "2"]
[White "Kavcic, Uros"]
[Black "Cvitan, Ognjen"]
[Result "0-1"]
[WhiteElo "2225"]
[BlackElo "2560"]
[PlyCount "69"]
[EventDate "1998.01.??"]
[EventType "swiss"]
[EventRounds "9"]
[EventCountry "SLO"]
[SourceTitle "EXT 1999"]
[Source "ChessBase"]
[SourceDate "1998.11.16"]
[SourceVersion "1"]
[SourceVersionDate "1998.11.16"]
[SourceQuality "1"]

1. e4 c5 2. Nf3 e6 3. d4 cxd4 4. Nxd4 a6 5. c4 Nf6 6. Nc3 Qc7 7. Be3 Bb4 8. Bd3 Bxc3+ 9. bxc3 d5 10. exd5 exd5 11. Bg5 Qe5+ 12. Qe2 Qxe2+ 13. Nxe2 dxc4 14. Bxc4 Nbd7 15. 0-0 0-0 16. Rfd1 Re8 17. Ng3 h6 18. Be3 Ne5 19. Bb3 Be6 20. Bd4 Bxb3 21. axb3 Re6 22. f3 Rae8 23. Kf2 Nd5 24. Ne4 Nf4 25. Nc5 Rc6 26. g3 Nd5 27. c4 Nb4 28. Bxe5 Rxe5 29. Nxb7 Rce6 30. Rd2 Re7 31. Nd6 g6 32. Ne4 Kg7 33. g4 f5 34. gxf5 Rxf5 35. Rg1 0-1

[Event "EU-ch U18"]
[Site "Mureck"]
[Date "1998.??.??"]
[Round "5"]
[White "Kavcic, Uros"]
[Black "Lopez Martinez, Josep Manuel"]
[Result "1-0"]
[WhiteElo "2245"]
[BlackElo "2350"]
[PlyCount "49"]
[EventDate "1998.07.08"]
[EventType "swiss"]
[EventRounds "9"]
[EventCountry "AUT"]
[SourceTitle "CBM 065 Extra"]
[Source "ChessBase"]
[SourceDate "1998.09.09"]
[SourceVersion "1"]
[SourceVersionDate "1998.09.09"]
[SourceQuality "1"]

1. e4 c5 2. Nf3 d6 3. d4 cxd4 4. Qxd4 Bd7 5. c4 Nc6 6. Qd2 Nf6 7. Nc3 g6 8. b3 Bg7 9. Bb2 0-0 10. Be2 Rc8 11. 0-0 Re8 12. Rad1 Bg4 13. h3 Bxf3 14. Bxf3 Qa5 15. Be2 a6 16. f4 Rb8 17. Kh1 b5 18. Qe3 Nd7 19. e5 bxc4 20. e6 Nb6 21. exf7+ Kxf7 22. f5 Qe5 23. Ne4 Qxb2 24. Ng5+ Kf8 25. Qe6 1-0

[Event "SLO-ch U18"]
[Site "Bled"]
[Date "1998.??.??"]
[Round "?"]
[White "Kavcic, Uros"]
[Black "Petek, Primoz"]
[Result "1-0"]
[WhiteElo "2200"]
[BlackElo "1905"]
[PlyCount "84"]
[EventDate "1998.??.??"]
[EventType "tourn"]
[EventRounds "6"]
[EventCountry "SLO"]
[SourceTitle "EXT 2000"]
[Source "ChessBase"]
[SourceDate "1999.11.16"]
[SourceVersion "1"]
[SourceVersionDate "1999.11.16"]
[SourceQuality "1"]

1. e4 e5 2. f4 exf4 3. Bc4 Qh4+ 4. Kf1 Nf6 5. Nf3 Qh5 6. Nc3 d6 7. d4 Bg4 8. Bxf4 Nc6 9. e5 Bxf3 10. gxf3 Qh3+ 11. Kf2 dxe5 12. Bf1 Qh4+ 13. Bg3 Qxd4+ 14. Qxd4 exd4 15. Nb5 0-0-0 16. Bh3+ Nd7 17. Bxc7 Re8 18. Rhe1 Bb4 19. c3 a6 20. Nd6+ Bxd6 21. Bxd6 g6 22. cxd4 f5 23. d5 Rxe1 24. Rxe1 Nd4 25. Rc1+ Kd8 26. Bc7+ Ke7 27. Bf1 Nb5 28. Bf4 Re8 29. a4 Na7 30. Rc7 Rc8 31. Rxb7 Rc2+ 32. Kg3 Nc8 33. Bxa6 Nd6 34. Rb3 Nc5 35. Re3+ Kd7 36. Bxd6 Kxd6 37. b4 Nxa4 38. Bb7 Rb2 39. Re6+ Kc7 40. Re7+ Kd8 41. d6 Rxb4 42. Bc6 f4+ 1-0

[Event "SLO-chT U18"]
[Site "Rogaska Slatina"]
[Date "1998.??.??"]
[Round "?"]
[White "Kavcic, Uros"]
[Black "Podkriznik, Gregor"]
[Result "0-1"]
[WhiteElo "2245"]
[BlackElo "2350"]
[PlyCount "58"]
[EventDate "1998.??.??"]
[EventType "team"]
[EventRounds "7"]
[EventCountry "SLO"]
[SourceTitle "EXT 2000"]
[Source "ChessBase"]
[SourceDate "1999.11.16"]
[SourceVersion "1"]
[SourceVersionDate "1999.11.16"]
[SourceQuality "1"]

1. f4 Nf6 2. Nf3 g6 3. g3 Bg7 4. Bg2 0-0 5. 0-0 c5 6. d3 d6 7. e4 Nc6 8. c3 Rb8 9. a4 a6 10. Nh4 Bd7 11. f5 b5 12. axb5 axb5 13. g4 b4 14. g5 Ne8 15. Rf3 bxc3 16. bxc3 Nd4 17. Rh3 Nb3 18. Ra2 Nxc1 19. Qxc1 d5 20. Nd2 Nd6 21. Rf3 Bc6 22. Rh3 Nb5 23. exd5 Nxc3 24. Qc2 Bxd5 25. Ra6 Rb2 26. Qxb2 Ne2+ 27. Kf2 Bxb2 28. Kxe2 Bxg2 29. Nxg2 Qc8 0-1

[Event "SLO-ch U18"]
[Site "Bled"]
[Date "1998.??.??"]
[Round "?"]
[White "Supancic, Robert"]
[Black "Kavcic, Uros"]
[Result "1/2-1/2"]
[WhiteElo "1875"]
[BlackElo "2130"]
[PlyCount "108"]
[EventDate "1998.??.??"]
[EventType "tourn"]
[EventRounds "6"]
[EventCountry "SLO"]
[SourceTitle "EXT 2000"]
[Source "ChessBase"]
[SourceDate "1999.11.16"]
[SourceVersion "1"]
[SourceVersionDate "1999.11.16"]
[SourceQuality "1"]

1. e4 c5 2. Nf3 Nc6 3. d4 cxd4 4. Nxd4 e5 5. Nb5 d6 6. c4 Be6 7. N1c3 a6 8. Na3 Be7 9. Nc2 Bg5 10. Bd3 Rc8 11. Nd5 Bxc1 12. Rxc1 Nge7 13. 0-0 0-0 14. b4 f5 15. Qd2 Kh8 16. f4 fxe4 17. Bxe4 exf4 18. Rxf4 Rxf4 19. Qxf4 Bxd5 20. Bxd5 Ne5 21. Rf1 Nxd5 22. cxd5 Ng6 23. Qe4 Qe7 24. Qxe7 Nxe7 25. Ne3 Kg8 26. Rf4 Rc3 27. Re4 Kf7 28. Nc4 Nc8 29. a4 b5 30. axb5 axb5 31. Ne3 Ne7 32. Kf2 Rd3 33. Ke2 Rb3 34. Rf4+ Ke8 35. Rd4 Kf7 36. Rf4+ Ke8 37. Rd4 g6 38. g4 Kf7 39. Rf4+ Kg7 40. Re4 Kf7 41. h4 Nc8 42. Rf4+ Ke8 43. Re4+ Ne7 44. Rd4 Kd7 45. Kd2 h6 46. Ke2 Ke8 47. Re4 Kd7 48. Rd4 Rb2+ 49. Kf3 Rh2 50. Kg3 Rb2 51. Kf3 Ke8 52. h5 gxh5 53. gxh5 Rb3 54. Ke2 Kf7 1/2-1/2

[Event "SLO-chT 07th"]
[Site "Ljubljana"]
[Date "1997.??.??"]
[Round "?"]
[White "Cebalo, Miso"]
[Black "Kavcic, Uros"]
[Result "1-0"]
[WhiteElo "2485"]
[BlackElo "2200"]
[PlyCount "27"]
[EventDate "1997.07.??"]
[EventType "team-tourn"]
[EventRounds "7"]
[EventCountry "SLO"]
[SourceTitle "CBM 061 Extra"]
[Source "ChessBase"]
[SourceDate "1998.03.09"]
[SourceVersion "1"]
[SourceVersionDate "1998.03.09"]
[SourceQuality "1"]
[WhiteTeam "Maribor Inntal Kovinar"]
[BlackTeam "Kranj Tomo Zupan"]
[WhiteTeamCountry "SLO"]
[BlackTeamCountry "SLO"]

1. d4 f5 2. Bg5 Nf6 3. Bxf6 exf6 4. e3 d5 5. c4 c6 6. cxd5 Bb4+ 7. Nc3 Qa5 8. Nge2 cxd5 9. a3 Bxc3+ 10. Nxc3 0-0 11. Qb3 Rd8 12. Rc1 Qb6 13. Qxb6 axb6 14. Nxd5 1-0

[Event "Nova Gorica op 02nd"]
[Site "Nova Gorica"]
[Date "1997.??.??"]
[Round "3"]
[White "Drei, Andrea"]
[Black "Kavcic, Uros"]
[Result "1-0"]
[WhiteElo "2305"]
[BlackElo "2100"]
[PlyCount "55"]
[EventDate "1997.01.??"]
[EventType "swiss"]
[EventRounds "9"]
[EventCountry "SLO"]
[SourceTitle "CBM 056 Extra"]
[Source "ChessBase"]
[SourceDate "1997.03.01"]
[SourceVersion "1"]
[SourceVersionDate "1997.03.01"]
[SourceQuality "1"]

1. e4 c5 2. Nf3 Nc6 3. d4 cxd4 4. Nxd4 e5 5. Nb5 d6 6. c4 Be6 7. N1c3 a6 8. Na3 Be7 9. Nc2 Nf6 10. Be2 Rc8 11. b3 0-0 12. 0-0 Ne8 13. Bg4 Kh8 14. Be3 Bg5 15. Nd5 f5 16. exf5 Bxf5 17. Bxf5 Rxf5 18. Qg4 g6 19. Bb6 Qd7 20. Rad1 Ng7 21. c5 Nb8 22. Nce3 Bxe3 23. Nxe3 Rf6 24. cxd6 Rc6 25. Bc7 h5 26. Qg5 Rf8 27. Nd5 Ne6 28. Qxg6 1-0

[Event "Nova Gorica op 02nd"]
[Site "Nova Gorica"]
[Date "1997.??.??"]
[Round "9"]
[White "Ivacic, Vladimir"]
[Black "Kavcic, Uros"]
[Result "1/2-1/2"]
[WhiteElo "2285"]
[BlackElo "2100"]
[PlyCount "42"]
[EventDate "1997.01.??"]
[EventType "swiss"]
[EventRounds "9"]
[EventCountry "SLO"]
[SourceTitle "CBM 056 Extra"]
[Source "ChessBase"]
[SourceDate "1997.03.01"]
[SourceVersion "1"]
[SourceVersionDate "1997.03.01"]
[SourceQuality "1"]

1. c4 c5 2. g3 Nc6 3. Bg2 g6 4. Nc3 Bg7 5. e4 e6 6. Nge2 Nge7 7. 0-0 0-0 8. d3 d6 9. Rb1 Nd4 10. b4 cxb4 11. Rxb4 Nec6 12. Rb1 Rb8 13. a4 a6 14. Ba3 Qc7 15. Qd2 Qa5 16. Nxd4 Bxd4 17. Rfc1 Rd8 18. Bb2 Ne5 19. h3 Bd7 20. Kh2 Bxa4 21. f4 Nd7 1/2-1/2